[Event "AUTO-MASTER-733"]
[Site "http://www.queenalice.com/game.php?id=536672"]
[Date "2009.2.7"]
[Round "1"]
[White "Possible43"]
[Black "patlang"]
[Result "0-1"]
[WhiteElo "1775"]
[BlackElo "1966"]

1. e4 c5 2. d3 d5 3. Nd2 dxe4 4. Nxe4 b6 5. Nf3 Bb7 6. Be3 Nc6 7. Be2 e5 8. O-O
Nf6 9. Nfd2 Nd4 10. Bxd4 cxd4 11. Bf3 Nxe4 12. Nxe4 Rb8 13. Re1 Bd6 14. Nxd6+
Qxd6 15. Bxb7 Rxb7 16. f4 Re7 17. Qg4 O-O 18. Qh4 Re6 19. fxe5 Rxe5 20. Rxe5
Qxe5 21. Re1 Qd6 22. Re4 Rd8 23. Rg4 g6 24. Rg3 Re8 25. Rh3 h5 0-1

[Event "AUTO-MASTER-733"]
[Site "http://www.queenalice.com/game.php?id=536685"]
[Date "2009.2.7"]
[Round "1"]
[White "Rosberg"]
[Black "Possible43"]
[Result "1-0"]
[WhiteElo "2226"]
[BlackElo "1967"]

1. e4 e5 2. Nf3 f5 3. Bc4 fxe4 4. Nxe5 d5 5. Qh5+ g6 6. Nxg6 Nf6 7. Qe5+ Be7 8.
Bb5+ c6 9. Nxh8 cxb5 10. d3 Nc6 11. Qf4 Be6 12. O-O exd3 13. Re1 dxc2 14. Rxe6
cxb1=Q 15. Rxb1 Kd7 16. Nf7 Qg8 17. Rxf6 Bxf6 18. Qxf6 Re8 19. Qf5+ Kc7 20. Bf4+
Kb6 21. Qxd5 Qg6 22. Rc1 Rf8 23. a4 a6 24. Qc5+ Ka5 25. Bc7+ Kxa4 26. Qa3# 1-0

[Event "AUTO-MASTER-733"]
[Site "http://www.queenalice.com/game.php?id=536686"]
[Date "2009.2.7"]
[Round "1"]
[White "Possible43"]
[Black "Rosberg"]
[Result "0-1"]
[WhiteElo "1961"]
[BlackElo "2230"]

1. e4 c5 2. d3 Nc6 3. g3 d5 4. Nd2 Nf6 5. Bg2 e5 6. Ne2 d4 7. O-O Be7 8. f4 exf4
9. Nxf4 Bg4 10. Bf3 Bxf3 11. Nxf3 O-O 12. Bd2 Kh8 13. c3 b5 14. Qe2 Re8 15. Ng5
Ne5 16. cxd4 Qxd4+ 17. Kh1 Qxb2 18. Rab1 Qxa2 19. Rxb5 Nfd7 20. Nfh3 f6 21. Nf3
Nxf3 22. Rxf3 Ne5 23. Rf1 Nxd3 24. Qxd3 Rad8 25. Qc3 Rxd2 26. Rfb1 Rxh2+ 27. Kg1
Qg2# 0-1

[Event "AUTO-MASTER-733"]
[Site "http://www.queenalice.com/game.php?id=536693"]
[Date "2009.2.7"]
[Round "1"]
[White "vincentlennon"]
[Black "Possible43"]
[Result "0-1"]
[WhiteElo "1939"]
[BlackElo "1989"]

1. e4 e5 2. Nf3 f5 3. Nc3 fxe4 4. Nxe4 Nc6 5. d4 d5 6. Ng3 e4 7. Ne5 Nf6 8. Bb5
Bd7 9. Bxc6 Bxc6 10. Bg5 Be7 11. Bxf6 Bxf6 12. Qh5+ g6 13. Nxg6 hxg6 14. Qxg6+
Kd7 15. Qf5+ Ke7 16. Nh5 Qf8 17. Nf4 Qf7 18. Ng6+ Kd6 19. Nxh8 Rxh8 20. O-O-O
Rg8 21. g4 Bd7 22. Qh5 Qxh5 23. gxh5 Bg4 24. Rhg1 Bg5+ 25. f4 exf3+ 26. Kb1 Bxh5
27. Rdf1 Rg7 28. Rg3 Bf6 29. Rh3 Bg4 30. Rg3 Bxd4 31. Rfxf3 Bxf3 32. Rxf3 Rg1+
0-1

[Event "AUTO-MASTER-733"]
[Site "http://www.queenalice.com/game.php?id=536694"]
[Date "2009.2.7"]
[Round "1"]
[White "Possible43"]
[Black "vincentlennon"]
[Result "0-1"]
[WhiteElo "1706"]
[BlackElo "1962"]

1. e4 e6 2. d3 c5 3. g3 Nc6 4. Bg2 d5 5. Nd2 Nf6 6. Ne2 Be7 7. O-O O-O 8. Nc3 d4
9. Ne2 e5 10. f4 exf4 11. Nxf4 Ne5 12. h3 h6 13. Rf2 Be6 14. Nf1 Qd7 15. Nh2 Nh7
16. Bd2 Ng5 17. h4 Nh7 18. Nf3 Ng4 19. Rf1 Rae8 20. Bh3 Nhf6 21. Nxe6 Qxe6 22.
Nh2 h5 23. Bg5 Qd6 24. Bf4 Qc6 25. Nxg4 Nxg4 26. Bxg4 hxg4 27. Qxg4 c4 28. h5 f5
29. exf5 Qf6 30. h6 b5 31. Rae1 Bc5 32. Bg5 Qf7 33. hxg7 Qxg7 34. Rxe8 Rxe8 35.
f6 Qf7 36. Kf2 Qe6 37. Qxe6+ Rxe6 38. Kg2 Kf7 39. Rh1 Re2+ 40. Kf3 Rxc2 41. Rh7+
Kf8 42. Bh6+ Ke8 43. f7+ Kd8 0-1

[Event "AUTO-ADV-1212"]
[Site "http://www.queenalice.com/game.php?id=537222"]
[Date "2009.2.8"]
[Round "1"]
[White "yanpom"]
[Black "Possible43"]
[Result "0-1"]
[WhiteElo "1806"]
[BlackElo "1973"]

1. e4 e5 2. Nf3 f5 3. exf5 e4 4. Nd4 Nf6 5. d3 d5 6. Bg5 c5 7. Bxf6 Qxf6 8. Qh5+
g6 9. fxg6 hxg6 10. Qxd5 Qxd4 11. Qxe4+ Qxe4+ 12. dxe4 Bg7 13. c3 Nc6 14. Bb5
Bd7 15. Bxc6 Bxc6 16. f3 O-O-O 17. O-O Be5 18. h3 Bf4 19. Na3 Rd2 20. Nc4 Rc2
21. e5 Bd5 22. Nd6+ Kc7 23. Rfe1 Rxb2 24. Ne4 b6 25. Nf6 Bf7 26. e6 Bd2 27. Re2
Be8 28. Nxe8+ Rxe8 29. Rd1 Bxc3 30. Re4 Bd4+ 31. Kh1 Rxa2 32. Rde1 b5 33. Rf4
Kd6 34. Rf7 Rxe6 0-1

[Event "AUTO-ADV-1212"]
[Site "http://www.queenalice.com/game.php?id=537223"]
[Date "2009.2.8"]
[Round "1"]
[White "Possible43"]
[Black "yanpom"]
[Result "1-0"]
[WhiteElo "1962"]
[BlackElo "1845"]

1. e4 e5 2. Nf3 Nc6 3. d3 d6 4. Be2 Nf6 5. O-O Bg4 6. Bg5 Bxf3 7. Bxf3 Be7 8.
Nc3 Nxe4 9. Bxe7 Nxc3 10. Bxd8 Nxd1 11. Bxc7 Nxb2 12. Rab1 Kd7 13. Bxd6 Kxd6 14.
Rxb2 Rab8 15. Rfb1 b6 16. a4 Nd4 17. Bd1 Rhe8 18. a5 Kc6 19. axb6 Rxb6 20. Rxb6+
axb6 21. c3 Ne6 22. Ba4+ Kc7 23. Bxe8 f6 24. h3 Nc5 25. d4 Ne4 26. f3 Nd2 27.
Rb2 Nc4 28. Rb4 1-0

[Event "AUTO-ADV-1212"]
[Site "http://www.queenalice.com/game.php?id=537234"]
[Date "2009.2.8"]
[Round "1"]
[White "ALIGATOR"]
[Black "Possible43"]
[Result "1-0"]
[WhiteElo "1713"]
[BlackElo "1823"]

1. e4 e5 2. Nf3 f5 3. Nc3 fxe4 4. Nxe5 Nf6 5. d4 d5 6. Bg5 Be7 7. Bxf6 Bxf6 8.
Be2 O-O 9. b3 c5 10. Nxd5 Be6 11. Nf4 Bf7 12. Nxf7 Kxf7 13. Bc4+ Ke8 14. Ne6
Qa5+ 15. Qd2 Qxd2+ 16. Kxd2 Rh8 17. Nc7+ Kd7 18. Nxa8 Bxd4 19. Rad1 Nc6 20. c3
Be5 21. Kc2+ Ke7 22. Rhe1 Rxa8 23. Rxe4 Kf6 24. f4 1-0

[Event "AUTO-ADV-1212"]
[Site "http://www.queenalice.com/game.php?id=537235"]
[Date "2009.2.8"]
[Round "1"]
[White "Possible43"]
[Black "ALIGATOR"]
[Result "0-1"]
[WhiteElo "1803"]
[BlackElo "1733"]

1. e4 e5 2. Nf3 Nc6 3. d3 Bc5 4. g3 d5 5. Nbd2 Bg4 6. Bg2 Nf6 7. O-O Nd4 8. h3
Bxf3 9. Nxf3 dxe4 10. Nxe5 O-O 11. c3 Nb5 12. d4 Bb6 13. Bg5 Qd6 14. a4 Nxd4 15.
cxd4 Bxd4 16. Nc4 Qc5 17. Rc1 Bxf2+ 18. Rxf2 Qxg5 19. Kh2 Rfe8 20. Re2 Rad8 21.
Qc2 Rd3 22. g4 Qf4+ 23. Kh1 Rd4 0-1

[Event "AUTO-ADV-1212"]
[Site "http://www.queenalice.com/game.php?id=537242"]
[Date "2009.2.8"]
[Round "1"]
[White "Possible43"]
[Black "Cleverton0000"]
[Result "0-1"]
[WhiteElo "1989"]
[BlackElo "1875"]

1. e4 e5 2. Bc4 d6 3. d3 Be7 4. Nf3 Nf6 5. O-O O-O 6. Nc3 a6 7. a4 b6 8. h3 Bb7
9. Be3 Nbd7 10. Nh2 Kh8 11. Ng4 c6 12. f4 exf4 13. Bxf4 Ne8 14. Be3 f6 15. Nf2
Ne5 16. Bb3 b5 17. axb5 axb5 18. Qd2 Nc7 19. Nh1 Qd7 20. Ng3 Rxa1 21. Rxa1 Ra8
22. Rxa8+ Bxa8 23. Nf5 Ng6 24. Ne2 d5 25. Nxe7 Nxe7 26. Ng3 d4 27. Bf4 c5 28. c3
Ng6 29. Bxc7 Qxc7 30. cxd4 Qxg3 31. Qa5 Qb8 32. d5 Bb7 33. Qxb5 Qc8 34. d6 Ne5
35. Ba4 h6 36. Qe8+ Qxe8 37. Bxe8 Bc8 38. Kf1 Kg8 39. Ke2 Kf8 40. Bb5 Kf7 41.
Kd2 Ke6 42. Ke3 Kxd6 43. Kf4 Be6 44. g4 c4 45. dxc4 Nxc4 46. h4 Nxb2 47. g5
hxg5+ 48. hxg5 Nc4 49. gxf6 gxf6 50. Bxc4 Bxc4 51. Kf5 Ke7 52. e5 Bd3+ 53. Kf4
f5 54. Ke3 Be4 55. Kf4 Ke6 56. Ke3 Kxe5 0-1

[Event "AUTO-ADV-1212"]
[Site "http://www.queenalice.com/game.php?id=537243"]
[Date "2009.2.8"]
[Round "1"]
[White "Cleverton0000"]
[Black "Possible43"]
[Result "0-1"]
[WhiteElo "1684"]
[BlackElo "1514"]

1. d4 Nf6 2. c4 g6 3. Nf3 Bg7 4. e3 d6 5. Bd3 O-O 6. O-O Bg4 7. b4 Nbd7 8. Nbd2
Re8 9. Bb2 e5 10. dxe5 dxe5 11. e4 c5 12. b5 a6 13. a4 Nf8 14. Qc2 N6d7 15. h3
Bxf3 16. Nxf3 Ne6 17. Rfd1 Qe7 18. Bc3 Rad8 19. Qb2 Nd4 20. Bxd4 exd4 21. Re1
Ne5 22. Nxe5 Bxe5 23. Qd2 Bc7 24. f4 Qh4 25. Rf1 h6 26. Rf3 Rd7 27. Raf1 g5 28.
f5 g4 29. hxg4 Bh2+ 0-1

[Event "Fast Swissie"]
[Site "http://www.queenalice.com/game.php?id=537574"]
[Date "2009.2.9"]
[Round "1"]
[White "ZZZZ"]
[Black "Possible43"]
[Result "1-0"]
[WhiteElo "1659"]
[BlackElo "1700"]

1. e4 e5 2. Qh5 Nc6 3. Bc4 g6 4. Qf3 Qf6 5. Qc3 Bg7 6. Nf3 Nge7 7. O-O O-O 8. d3
h6 9. Be3 d6 10. Qd2 Kh7 11. c3 Be6 12. Na3 Bxc4 13. Nxc4 Qe6 14. b3 f5 15. exf5
Nxf5 16. d4 1-0

[Event "WPawnTrophy 1/09"]
[Site "http://www.queenalice.com/game.php?id=537976"]
[Date "2009.2.10"]
[Round "1"]
[White "Possible43"]
[Black "Rosberg"]
[Result "0-1"]
[WhiteElo "2012"]
[BlackElo "2260"]

1. e4 e5 2. Nf3 Nc6 3. d3 Nf6 4. g3 Bc5 5. Bg2 d6 6. O-O O-O 7. h3 Be6 8. Nc3 a5
9. Bd2 a4 10. a3 Kh8 11. Ne2 Qc8 12. Kh2 Qb8 13. Ng5 Bd7 14. f4 h6 15. Nf3 exf4
16. Nxf4 Qa7 17. c3 Bb6 18. g4 Ne5 19. d4 Nc4 20. Qc2 Rfe8 21. Ng1 Nxe4 22. Bxe4
Rxe4 23. Qxe4 Nxd2 0-1